000 00366nam a2200133Ia 4500
008 191014s9999 xx 000 0 und d
020 _aLC 56-9828
082 _a512.523
_bTHR
100 _aRobert M Thrall and Leonard Tornheinm
_920365
245 0 _aVector Spaces and Matrices
260 _aUSA
_bJohn Wiley & Sons , Inc.
_c1958
300 _aXii,318
942 _cBK
999 _c530942
_d530942